000 01229cam a22003131i 4500
001 1862
003 Uk
005 20250513101434.0
020 _a9781407157535 (pbk.) :
_c£4.99
020 _z9781407161266 (ePub ebook) :
_c£4.99
040 _aStDuBDS
_beng
_cStDuBDS
_dUk
_erda
050 _aPZ7.S86037
082 0 4 _a813.54
_223
100 1 _aStine, R. L.,
_eauthor.
245 1 0 _aVampire breath /
_cR.L. Stine.
260 _aLondon :
_bScholastic,
_c1996
300 _a114, 13 unnumbered pages :
_c20 cm.
490 0 _aGoosebumps
500 _aOriginally published: 1996.
500 _aFormerly CIP.
_5Uk
505 _aF
520 _aTough. That's Freddy Martinez and his friend, Cara. They're not afraid of anything. But that was before they went exploring in Freddy's basement. Before they found the secret room. Before they found the bottle of Vampire Breath. Poor Freddy and Cara. They should have never opened that bottle of Vampire Breath. Because now there's a vampire in Freddy's basement. And he's very, very thirsty....
521 _a430
_bLexile
521 _aF
_bRaz-Plus
650 0 _aVampires
_vJuvenile fiction.
655 0 _aHorror tales.
655 0 _aChildren's stories.
942 _2ddc
_cBK
_n0
999 _c1862
_d1862